Chronica botanica: (Record no. 65707)
[ view plain ]
| 000 -LEADER | |
|---|---|
| fixed length control field | 00476nam a2200133 4500 |
| 008 - FIXED-LENGTH DATA ELEMENTS--GENERAL INFORMATION | |
| fixed length control field | 240802b |||||||| |||| 00| 0 eng d |
| 040 ## - CATALOGING SOURCE | |
| Original cataloging agency | National Science Library |
| Transcribing agency | National Science Library |
| 080 ## - UNIVERSAL DECIMAL CLASSIFICATION NUMBER | |
| Universal Decimal Classification number | 63:54(091) |
| Item number | H4 |
| 245 ## - TITLE STATEMENT | |
| Title | Chronica botanica: |
| Remainder of title | An international collection of studies in the method and history of biology agriculture |
| 260 ## - PUBLICATION, DISTRIBUTION, ETC. | |
| Place of publication, distribution, etc. | USA: |
| Name of publisher, distributor, etc. | The Chronica Botanica Company, |
| Date of publication, distribution, etc. | 1944 |
| 300 ## - PHYSICAL DESCRIPTION | |
| Extent | 290p. |
| 700 ## - ADDED ENTRY--PERSONAL NAME | |
| Personal name | Verdoorn, Frans (Ed.) |
| 942 ## - ADDED ENTRY ELEMENTS (KOHA) | |
| Source of classification or shelving scheme | Universal Decimal Classification |
| Koha item type | Books |
| Withdrawn status | Lost status | Source of classification or shelving scheme | Damaged status | Not for loan | Home library | Current library | Shelving location | Date acquired | Total Checkouts | Full call number | Barcode | Date last seen | Price effective from | Koha item type |
|---|---|---|---|---|---|---|---|---|---|---|---|---|---|---|
| Universal Decimal Classification | National Science Library | National Science Library | SF/RK-B2/C-10/R-3 | 06/08/2004 | 63:54(091), H4 | 195237 | 02/08/2024 | 06/08/2004 | Books |